<?xml version="1.0" encoding="UTF-8"?>
<record
    xmlns:xsi="http://www.w3.org/2001/XMLSchema-instance"
    xsi:schemaLocation="http://www.loc.gov/MARC21/slim http://www.loc.gov/standards/marcxml/schema/MARC21slim.xsd"
    xmlns="http://www.loc.gov/MARC21/slim">

  <leader>00235nam a22001097a 4500</leader>
  <datafield tag="040" ind1=" " ind2=" ">
    <subfield code="c">SK</subfield>
  </datafield>
  <datafield tag="082" ind1=" " ind2=" ">
    <subfield code="a">610</subfield>
  </datafield>
  <datafield tag="100" ind1=" " ind2=" ">
    <subfield code="a">PATRICK J.</subfield>
  </datafield>
  <datafield tag="245" ind1=" " ind2=" ">
    <subfield code="a">Penelitian ternak kambing dan domba di pedesaan</subfield>
  </datafield>
  <datafield tag="260" ind1=" " ind2=" ">
    <subfield code="a">RUA</subfield>
    <subfield code="b">PAT</subfield>
    <subfield code="c">1989</subfield>
  </datafield>
  <datafield tag="942" ind1=" " ind2=" ">
    <subfield code="c">EK</subfield>
  </datafield>
  <datafield tag="999" ind1=" " ind2=" ">
    <subfield code="c">10206</subfield>
    <subfield code="d">10206</subfield>
  </datafield>
  <datafield tag="952" ind1=" " ind2=" ">
    <subfield code="0">0</subfield>
    <subfield code="1">0</subfield>
    <subfield code="4">0</subfield>
    <subfield code="6">610_000000000000000_PAT_1989_C245</subfield>
    <subfield code="7">0</subfield>
    <subfield code="9">52679</subfield>
    <subfield code="a">LBC</subfield>
    <subfield code="b">LBC</subfield>
    <subfield code="c">C245</subfield>
    <subfield code="d">2016-09-22</subfield>
    <subfield code="o">610 PAT 1989 C245</subfield>
    <subfield code="p">A01128</subfield>
    <subfield code="r">2016-09-22</subfield>
    <subfield code="y">EK</subfield>
  </datafield>
  <datafield tag="952" ind1=" " ind2=" ">
    <subfield code="0">0</subfield>
    <subfield code="1">0</subfield>
    <subfield code="4">0</subfield>
    <subfield code="6">610_000000000000000_PAT_1989_C245</subfield>
    <subfield code="7">0</subfield>
    <subfield code="9">52680</subfield>
    <subfield code="a">LBC</subfield>
    <subfield code="b">LBC</subfield>
    <subfield code="c">C245</subfield>
    <subfield code="d">2016-09-22</subfield>
    <subfield code="o">610 PAT 1989 C245</subfield>
    <subfield code="p">A00227</subfield>
    <subfield code="r">2016-09-22</subfield>
    <subfield code="y">EK</subfield>
  </datafield>
  <datafield tag="952" ind1=" " ind2=" ">
    <subfield code="0">0</subfield>
    <subfield code="1">0</subfield>
    <subfield code="4">0</subfield>
    <subfield code="6">610_000000000000000_PAT_1989_C245</subfield>
    <subfield code="7">0</subfield>
    <subfield code="9">52682</subfield>
    <subfield code="a">LBC</subfield>
    <subfield code="b">LBC</subfield>
    <subfield code="c">C245</subfield>
    <subfield code="d">2016-09-22</subfield>
    <subfield code="o">610 PAT 1989 C245</subfield>
    <subfield code="p">A01388</subfield>
    <subfield code="r">2016-09-22</subfield>
    <subfield code="y">EK</subfield>
  </datafield>
</record>
